| 000 | 00572nam a2200217Ia 4500 | ||
|---|---|---|---|
| 003 | OSt | ||
| 005 | 20220928141024.0 | ||
| 006 | a|||||r|||| 00| 0 | ||
| 007 | ta | ||
| 008 | 220927b |||||||| |||| 00| 0 eng d | ||
| 024 | _a12894 | ||
| 037 | _cTextual | ||
| 040 |
_aSDCL _cSDCL _beng |
||
| 041 |
_2eng _aeng |
||
| 082 | _aO-,3M04,3, L3` | ||
| 100 |
_aHawtborne Nathaniel _9498506 |
||
| 245 | 0 |
_aMarble faun _bor the romance of Monte Beni. |
|
| 260 | _c1973 | ||
| 942 |
_hO-,3M04,3, L3` _cTEXL _2CC |
||
| 999 |
_c815303 _d815303 |
||